[Event "53rd Biel Classical 2020"]
[Site "Biel"]
[Date "2020.07.28"]
[Round "6.2"]
[White "Naiditsch, Arkadij"]
[Black "Anton Guijarro, David"]
[Result "1-0"]
[WhiteElo "2626"]
[BlackElo "2703"]
[Annotator "TA"]
[PlyCount "83"]
[EventDate "2020.07.21"]
[EventType "tourn"]
[EventCountry "SUI"]
[SourceTitle "playchess.com"]
[Source "ChessBase"]
[SourceQuality "1"]

{[%evp 10,83,20,18,33,22,35,29,24,14,42,25,21,0,20,24,27,32,33,22,39,35,16,3,5,0,0,0,0,0,0,0,0,0,0,0,0,0,25,-56,-61,-70,-60,-52,-49,-58,0,0,-3,-6,-10,-17,-4,-3,-5,-7,-5,-7,0,0,54,14,309,310,293,300,1028,520,499,455,419,369,372,0,369,275]} 1. e4 c5 2. Nf3 Nc6 3. Bb5 e6 4. O-O Nge7 5. Re1 a6 6. Bf1 b6 {[#] B30: Sicilian: 2...Nc6 3 Bb5, lines without ...g6.} 7. d4 $146 ({Predecessor:} 7. b3 d5 8. exd5 Nxd5 9. Bb2 Nf6 10. Na3 Be7 11. Nc4 O-O 12. g3 Bb7 13. Bg2 b5 14. Nfe5 Nxe5 15. Bxb7 Nxc4 16. bxc4 {½-½ (56) Alekseev,E (2623)-Haldorsen,B (2463) Lisbon 2020}) 7... cxd4 8. Nxd4 Nxd4 {White has an edge.} 9. Qxd4 Nc6 10. Qd2 Qc7 11. c4 Bd6 12. h3 Bb7 13. Nc3 Rd8 14. Qd1 O-O 15. Be3 Bc5 16. Rc1 Ne5 17. Na4 Bxe3 18. Rxe3 f5 19. Qd4 {next exf5 is good for White.} fxe4 ({Reject} 19... Bxe4 20. Qxb6 Qc6 21. Qxc6 $16) 20. Qxb6 Qxb6 21. Nxb6 d5 22. cxd5 exd5 23. Rb3 Rf7 24. Rc5 (24. Rd1 $11) 24... Re7 $15 25. Rb4 d4 $1 26. Nc4 Nxc4 27. Bxc4+ Kf8 ({Better is} 27... Kh8 $15) 28. Rf5+ $11 Ke8 29. Bb3 {[#] Strongly threatening Ba4+.} Bc6 30. Rb6 Bd7 31. Rd5 $132 {[%mdl 2048] White has counterplay} e3 32. fxe3 dxe3 {[#] aiming for ...e2.} 33. Rd1 $1 a5 (33... e2 $5 34. Re1 $8 Bb5 $11) 34. Bc4 Re5 (34... Bxh3 $11 35. Rxd8+ Kxd8) 35. Rb7 Rc8 $2 {[%mdl 8192]} (35... h5 $11 {and Black has nothing to worry.}) 36. Rdxd7 $18 Rxc4 37. Rxg7 {[%cal Rg7g8] KRR-KRR} Rc1+ $2 (37... Kf8) 38. Kh2 {[%cal Rg7g8]} Kf8 39. Rxh7 {[%cal Rh7h8]} Kg8 40. Rbg7+ Kf8 41. Rb7 {[%cal Rh7h8]} Kg8 42. Rhe7 {Accuracy: White = 87%, Black = 71%.} 1-0

[Event "53rd Biel Classical 2020"]
[Site "Biel"]
[Date "2020.08.04"]
[Round "6.3"]
[White "Harikrishna, Pentala"]
[Black "Edouard, Romain"]
[Result "1-0"]
[WhiteElo "2719"]
[BlackElo "2649"]
[Annotator "TA"]
[PlyCount "87"]
[EventDate "2020.07.21"]
[EventType "tourn"]
[EventCountry "SUI"]

{[%evp 9,87,13,25,22,28,20,20,21,11,16,26,25,33,19,26,28,64,45,58,51,95,77,118,104,110,74,61,71,102,85,87,76,77,79,98,98,99,97,97,108,105,105,101,101,93,100,140,139,139,136,131,141,284,232,216,216,610,587,594,518,546,546,29968,29972,29972,29954,29960,4775,5173,944,29967,29973,29971,29972,29970,29974,29973,29975,29978,29979]} 1. e4 c5 2. Nf3 d6 3. d4 (3. c3 Nf6 4. Be2 g6 5. O-O Bg7 6. Bb5+ Bd7 7. Bxd7+ Nbxd7 8. Re1 Ne5 9. d4 Nxf3+ 10. Qxf3 cxd4 11. cxd4 O-O 12. Nc3 Qb6 13. Qd1 e6 14. Rb1 Rac8 15. Be3 d5 16. e5 Nd7 17. h4 f6 18. f4 f5 19. h5 Kf7 20. Qa4 Rfd8 21. Bf2 {1-0 (37) Harikrishna,P (2719)-Edouard,R (2649) Biel 2020}) 3... cxd4 4. Qxd4 a6 5. Be2 Nc6 6. Qe3 {B53: Sicilian: 2...d6: Lines with Qxd4.} Nf6 7. O-O g6 8. h3 {The position is equal.} Bg7 9. c4 O-O 10. Nc3 Rb8 11. Rd1 Nd7 12. Rb1 b6 13. b3 {[%cal Bb2b3,Bb3b4,Bb4b5][%mdl 32]} Bb7 14. Bb2 Ba8 {[#]} 15. Nd5 $146 ({Predecessor:} 15. Ba1 Re8 16. Rd2 Nce5 17. Nh2 Qc8 18. f4 Nc6 19. Bg4 Qb7 20. Bxd7 Qxd7 21. Nd5 {½-½ (59) Visakh,N (2526)-Esen,B (2478) Konya 2019}) 15... b5 16. Bxg7 Kxg7 17. b4 bxc4 18. Bxc4 a5 {[%cal Rc6b4]} 19. b5 Nce5 20. Nxe5 Nxe5 21. Bf1 Nd7 22. Rbc1 $36 {[%mdl 2048] White is in control.} Bxd5 23. exd5 Nc5 24. Rd4 Kg8 25. Rh4 {Qh6 would kill now.} f5 26. Rd4 a4 27. h4 Qe8 28. Rxc5 $1 dxc5 29. Rxa4 Rxb5 30. Ra7 ({Don't take} 30. Bxb5 Qxb5 31. Qe6+ Rf7 $14) 30... Rf7 {Now Black is done in.} (30... Rb6 $16) 31. Bxb5 Qxb5 32. Rxe7 ({Don't play} 32. Ra8+ $6 Kg7 $16) 32... Rxe7 $2 (32... Qb1+ 33. Kh2 Qb4 34. Re8+ Kg7) 33. Qxe7 $18 {[%mdl 4096] Endgame d6 is the strong threat. KQ-KQ} Qb1+ 34. Kh2 Qxa2 35. Qxc5 Qd2 {Now ...Qf4+ and Black clings on.} 36. d6 Kf7 37. f3 Qe1 38. Qd4 (38. Qd5+ $142 Kf8 39. Qd4 Qe8 40. Qh8+ Kf7 41. Qxh7+ Ke6 42. Qc7 Qd7 43. Kg3 f4+ {[%mdl 64] Decoy} 44. Kxf4 Qa4+ 45. Kg3) 38... Qe8 39. Qd5+ (39. d7 $142 Qd8 40. Kg3) 39... Qe6 40. Qxe6+ $1 {White mates.} Kxe6 41. Kg3 Kxd6 42. Kf4 Ke6 {[#]} 43. Kg5 $1 {[%cal Rg5h6]} Kf7 {[#]} 44. Kh6 $1 {Accuracy: White = 87%, Black = 63%.} 1-0

[Event "53rd Biel Classical 2020"]
[Site "Biel"]
[Date "2020.07.28"]
[Round "6.4"]
[White "Keymer, Vincent"]
[Black "Wojtaszek, Radoslaw"]
[Result "1/2-1/2"]
[WhiteElo "2558"]
[BlackElo "2719"]
[Annotator "TA"]
[PlyCount "80"]
[EventDate "2020.07.21"]
[EventType "tourn"]
[EventCountry "SUI"]
[SourceTitle "playchess.com"]
[Source "ChessBase"]
[SourceQuality "1"]

{[%evp 9,80,9,13,9,26,11,20,14,10,3,0,7,10,10,10,0,0,0,18,9,41,10,24,8,16,0,0,0,0,0,18,0,0,0,0,0,0,0,0,0,-6,-18,-11,-23,-23,-23,-23,-23,-9,-26,-9,-11,-9,-9,-9,-9,-4,-9,0,0,0,0,0,0,0,0,0,0,0,0,0,0,0]} 1. Nf3 Nf6 2. c4 e6 3. Nc3 d5 4. e3 a6 5. b3 c5 6. Bb2 {A17: English Opening: 1...Nf6 with ...Bb4.} Nc6 7. cxd5 exd5 8. d4 Bg4 9. Be2 Bxf3 10. Bxf3 {Threatening dxc5.} cxd4 11. exd4 Bb4 {[#]} 12. Qe2+ $5 $146 {[%mdl 8] New and interesting.} ({Predecessor:} 12. O-O O-O 13. Qd3 {½-½ (13) Arutinian,D (2555)-Movsesian,S (2627) Skopje 2019}) 12... Qe7 13. O-O Qxe2 14. Nxe2 O-O-O 15. Nf4 Rhe8 16. Nd3 Bd6 17. Rac1 Kb8 18. Rfd1 Ne4 19. g3 Re7 20. h4 Nb4 21. Nxb4 Bxb4 22. Rc2 Rc8 23. Rxc8+ Kxc8 24. Rc1+ Rc7 25. Rxc7+ Kxc7 $11 {[%mdl 4096] Endgame KBB-KBN} 26. Kf1 Nd2+ 27. Ke2 Nxf3 28. Kxf3 {KB-KB} Kd6 29. g4 Ke6 30. h5 {The position is equal.} g6 31. hxg6 fxg6 32. Bc1 Be7 33. Be3 h5 34. Kg3 Bd8 35. f3 Be7 36. Kh3 Bd8 37. Kg3 Be7 38. Kh3 Bd8 39. Kg3 Be7 40. Kh3 Bd8 {Not much happened in this game. Accuracy: White = 96%, Black = 96%.} 1/2-1/2

[Event "53rd Biel Classical 2020"]
[Site "Biel"]
[Date "2020.07.29"]
[Round "7.1"]
[White "Wojtaszek, Radoslaw"]
[Black "Studer, Noel"]
[Result "1-0"]
[WhiteElo "2719"]
[BlackElo "2580"]
[Annotator "TA"]
[PlyCount "117"]
[EventDate "2020.07.21"]
[EventType "tourn"]
[EventCountry "SUI"]
[SourceTitle "playchess.com"]
[Source "ChessBase"]
[SourceQuality "1"]

{[%evp 13,117,13,8,9,10,0,6,2,10,0,0,0,0,0,10,7,12,14,8,7,11,12,10,7,31,-16,-31,-49,-53,-60,-50,-51,-52,-38,-27,-82,-91,-124,41,20,104,104,119,95,100,93,95,93,143,128,143,130,140,129,130,120,133,128,141,126,208,108,229,228,241,220,236,222,293,294,312,304,313,305,298,301,335,334,458,460,923,914,908,882,12845,12843,12785,10627,7212,6105,12818,11539,29937,12813,12461,3649,29965,6203,29953,29967,29979,29980,29980,29981,29981,29982]} 1. d4 Nf6 2. c4 e6 3. g3 Bb4+ 4. Bd2 Be7 5. Bg2 d5 6. Nf3 O-O 7. O-O Nbd7 8. a4 {E11: Bogo-Indian.} a5 9. Qc2 c6 10. Na3 {The position is equal.} Bd6 {[#]} 11. Rfd1 $1 $146 {[%mdl 8] A top novelty.} ({Predecessor:} 11. Ne1 Re8 12. Nd3 e5 13. cxd5 e4 14. Nf4 cxd5 15. Nb5 Bb8 16. Rac1 Ra6 17. Bh3 {½-½ (60) Ding,L (2805)-Anand,V (2756) Saint Louis 2019}) 11... Ne4 12. Be3 f5 13. Qc1 h6 14. Ne1 g5 15. f3 Nef6 $1 16. Nd3 Qe7 17. Bf2 Qg7 18. Re1 h5 19. cxd5 exd5 20. Nb1 Kh8 21. Nc3 h4 22. gxh4 gxh4 23. Kh1 $1 {[#]} (23. Bxh4 $2 Rg8 $19) 23... h3 $1 {[%mdl 512]} 24. Bxh3 (24. Bf1 $11) 24... Qh7 $17 25. Nf4 Nh5 $2 ({Don't play} 25... Bxf4 $6 26. Qxf4 Qxh3 27. Bh4 $11) ({Better is} 25... Qh6 $1 $17 26. Bg3 Rg8) 26. Ne6 $14 Re8 (26... Ng7 $1 $11 {remains equal.} 27. Ng5 (27. Nxf8 Nxf8 28. Kg2 Nh5 $14) 27... Qh5) 27. Ng5 $16 Qg6 {Threatens to win with ...Bf4.} 28. Nf7+ {[%mdl 64] Deflection} Qxf7 29. Qh6+ {[%mdl 64] Double Attack} Qh7 30. Qxd6 Ndf6 31. Bh4 $36 {[%mdl 2048] White is really pushing.} Qf7 32. Rg1 f4 33. Bxc8 Raxc8 34. Bxf6+ Qxf6 35. Qxf6+ Nxf6 36. Rg6 Nh7 {[#]} (36... Rf8 $16 {might work better.} 37. Rh6+ Nh7) 37. Rag1 (37. Rg4 $1 $18) 37... Rc7 {Black cannot hold the game after this.} (37... Rg8 $16) 38. R1g4 $18 Rf7 39. Kg1 Nf8 {[#]} 40. Rh6+ $1 Nh7 41. Kf2 Rg8 42. Rgh4 Rg5 43. Na2 Kg8 44. Nc1 Nf8 45. Nd3 Ng6 46. Rg4 Kg7 (46... Rxg4 $142 47. fxg4 Rf6) 47. Rxg5 Kxh6 48. Rxg6+ {[%mdl 64] Remove Defender, Decoy} Kxg6 {[%mdl 4096] Endgame KR-KN} 49. Ne5+ {[%mdl 64] Double Attack} Kf6 50. Nxf7 Kxf7 {KP-KP} 51. e4 fxe3+ 52. Kxe3 b6 53. h4 c5 54. f4 Kg7 55. Kf3 (55. f5 $142 Kf6 56. Kf4 cxd4 57. h5 d3 58. Ke3 Kg5 59. Kxd3 Kxh5 60. Kd4) 55... Kg6 56. Kg4 {White mates.} Kg7 57. h5 Kf6 58. f5 cxd4 59. h6 {Accuracy: White = 89%, Black = 53%.} 1-0

[Event "53rd Biel Classical 2020"]
[Site "Biel"]
[Date "2020.07.29"]
[Round "7.2"]
[White "Edouard, Romain"]
[Black "Keymer, Vincent"]
[Result "1-0"]
[WhiteElo "2649"]
[BlackElo "2558"]
[Annotator "TA"]
[PlyCount "75"]
[EventDate "2020.07.21"]
[EventType "tourn"]
[EventCountry "SUI"]
[SourceTitle "playchess.com"]
[Source "ChessBase"]
[SourceQuality "1"]

{[%evp 9,75,13,17,12,20,0,0,0,0,0,0,0,0,0,0,0,0,0,0,0,10,7,0,0,0,5,23,32,10,14,73,0,0,-29,-34,-78,-86,-90,-26,-35,-19,-17,-30,-65,-18,-9,441,388,438,437,361,317,1072,1049,1741,1611,29976,29977,29977,29978,29977,29979,29989,29990,29990,29973,29956,29951]} 1. e4 c5 2. Nf3 d6 3. Bb5+ Nd7 4. Ba4 Ngf6 5. O-O e6 6. Re1 {B51: Sicilian: Moscow Variation (3 Bb5+) without 3...Bd7.} a6 {White must now prevent ...b5.} 7. c4 Be7 8. d4 {The position is equal.} cxd4 9. Nxd4 O-O 10. Nc3 Qc7 11. Qe2 Ne5 12. Bb3 $1 Bd7 13. f4 {[#]} Ng6 $146 ({Predecessor:} 13... Nc6 14. Nxc6 Bxc6 15. Bd2 Rab8 16. Kh1 b5 17. cxb5 axb5 18. Rac1 Qb7 19. a3 Rfc8 {1-0 (60) Shuvalova,P (2446)-Protopopova,A (2230) Moscow 2019}) 14. Kh1 e5 15. Nf5 Bd8 16. fxe5 Nxe5 17. Bf4 Re8 18. Rad1 Bxf5 $1 19. exf5 Qc8 (19... h6 $11) 20. Qc2 (20. Rxd6 $16 {c5 is the strong threat.} Bc7 21. Rxf6 gxf6 22. Nd5) 20... Ba5 $11 21. Ba4 Qxc4 22. Bg5 Bxc3 23. bxc3 {[#] Hoping for Bxf6.} b5 (23... Ned7 $1 $17 24. Be3 (24. Rxe8+ Rxe8 25. h3 Re2 $17) 24... Rac8) 24. Bb3 Qg4 25. Bxf6 $1 gxf6 26. Qf2 Kh8 27. Rxd6 Rad8 $2 {[%mdl 8192] [#] This move loses the game for Black.} (27... Qg5 $11 28. h4 Qg7) 28. Rxd8 $1 $18 Rxd8 29. Qb6 $1 {[%csl LRa6,LRd8,LRf6][%mdl 64] Double Attack} Re8 {[#] Black wants to play ...Kg7.} 30. Bxf7 $1 {[%mdl 512]} Qh4 $2 (30... Rf8) (30... Nxf7 31. Qxf6+) 31. g3 Qh6 32. Bxe8 Ng4 {[#]} 33. Bh5 $1 {White mates.} Qxh5 34. Qb8+ Kg7 35. Re7+ Kh6 36. Qf8+ Kg5 37. Rg7+ Kxf5 38. Qc8+ {[%mdl 64] Double Attack. Accuracy: White = 85%, Black = 57%.} 1-0

[Event "53rd Biel Classical 2020"]
[Site "Biel"]
[Date "2020.07.29"]
[Round "7.3"]
[White "Anton Guijarro, David"]
[Black "Harikrishna, Pentala"]
[Result "0-1"]
[WhiteElo "2703"]
[BlackElo "2719"]
[Annotator "TA"]
[PlyCount "62"]
[EventDate "2020.07.21"]
[EventType "tourn"]
[EventCountry "SUI"]
[SourceTitle "playchess.com"]
[Source "ChessBase"]
[SourceQuality "1"]

{[%evp 23,62,0,0,2,18,0,16,0,0,0,0,0,17,40,0,0,0,0,29,0,0,-22,0,-107,-107,-209,-185,-190,-53,-538,-538,-532,-528,-505,-492,-483,-476,-468,-449,-442,-159]} 1. c4 c6 2. Nf3 d5 3. e3 Nf6 4. Nc3 e6 5. d4 Nbd7 6. Qc2 Bd6 7. b3 O-O 8. Be2 b6 9. Bb2 Bb7 10. O-O Qe7 11. Rfe1 Rfe8 12. Rad1 Rad8 13. Bf1 {D45: Semi-Slav: 5 e3.} c5 {13...e5 is the modern continuation. Played by Magnus Carlsen in July 2020.} 14. cxd5 exd5 15. Nb5 {The position is equal.} Bb8 $1 {[#]} 16. dxc5 $146 ({Predecessor:} 16. g3 Qe4 17. Qe2 Qe6 18. Nc3 h6 19. Rc1 Rc8 20. Bg2 Red8 21. dxc5 bxc5 22. Red1 {0-1 (66) Gonzaga Grego,L (2403)-Szerlak,A (2356) ICCF email 2018}) 16... bxc5 17. g3 Ng4 18. Bg2 Ndf6 19. Nc3 h5 20. Ba3 Qc7 21. h3 (21. Nb5 Qa5 $17) 21... d4 22. hxg4 hxg4 23. Nb5 (23. Nxd4 $1 $11 Bxg2 24. Kxg2 Qb7+ 25. Kg1 cxd4 26. exd4) 23... Qa5 $17 24. Nfxd4 (24. Nh4 $17 {keeps fighting.} dxe3 25. Rxe3 (25. Bxb7 $2 Rxd1 {[%mdl 64] Overworked Piece} 26. Rxd1 e2 $19) 25... Rxd1+ 26. Qxd1 Rxe3 27. fxe3 Bxg2 28. Nxg2) 24... Bxg2 $1 $19 25. Qxc5 {[#]} ({Much weaker is} 25. Bxc5 Be4 $17) 25... Bb7 (25... Ba8 $1 $19 {Threatens to win with ...Rd5.} 26. Nc6 Bxc6 27. Qxc6 a6) 26. Nf5 $2 {[%mdl 8192] [#] White does not recover from this.} (26. Nc3 $1 $15 Qxc5 27. Bxc5) 26... Rd5 $1 {[%cal Rd5c5] Black is clearly winning.} 27. Ne7+ {[#]} Rxe7 $1 {[%mdl 512]} 28. Qxe7 Qxb5 ({Inferior is} 28... Rxb5 29. Bb2 $11) 29. e4 Rxd1 30. Rxd1 {Rd8+ is the strong threat.} Bxe4 {And now ...Qe2! would win.} 31. Re1 Ba8 $2 {Accuracy: White = 62%, Black = 78%.} (31... Bb7 $19 {and Black stays clearly on top.} 32. Qf8+ Kh7) 0-1

[Event "53rd Biel Classical 2020"]
[Site "Biel"]
[Date "2020.07.29"]
[Round "7.4"]
[White "Adams, Michael"]
[Black "Naiditsch, Arkadij"]
[Result "1-0"]
[WhiteElo "2701"]
[BlackElo "2626"]
[Annotator "TA"]
[PlyCount "171"]
[EventDate "2020.07.21"]
[EventType "tourn"]
[EventCountry "SUI"]
[SourceTitle "playchess.com"]
[Source "ChessBase"]
[SourceQuality "1"]

{[%evp 13,171,40,41,41,40,45,40,31,46,39,37,35,46,32,26,20,18,14,59,49,56,20,21,0,15,0,0,0,22,24,44,44,44,40,44,44,39,44,44,32,44,44,44,44,44,37,37,37,20,16,40,33,29,26,19,0,45,45,45,45,45,45,45,45,45,45,45,38,45,45,45,30,48,33,45,45,45,38,49,48,45,52,51,46,93,60,59,0,94,75,94,39,248,242,227,108,105,97,73,61,60,51,66,45,52,32,203,203,203,203,202,201,203,203,179,172,233,232,328,402,371,358,610,595,735,711,684,666,604,525,504,1339,762,491,29939,29943,29940,29943,12850,29940,29942,29941,29946,29947,29944,29947,29946,29947,29943,29943,29947,12797,11750,10485,5589,5559,5559,4641,4627,4618]} 1. e4 e5 2. Nf3 Nc6 3. Bc4 Nf6 4. d3 Be7 5. O-O O-O 6. Re1 d6 7. a4 Na5 8. Ba2 {C55: Two Knights: 4 d3, 4 d4 exd4 5 e5 and Max Lange Attack.} c5 9. c3 Nc6 10. Na3 {White is slightly better.} h6 11. Bd2 a6 12. h3 Rb8 {12...Re8 is the hot move.} 13. Nc2 Be6 14. Bxe6 fxe6 15. d4 {[#]} Qe8 $146 ({Predecessor:} 15... c4 16. Qe2 b5 17. axb5 axb5 18. d5 exd5 19. exd5 Na5 20. Nb4 Ra8 21. Nh4 Rf7 {1-0 (36) Kravtsiv,M (2645)-Kazakovskiy,V (2430) Stockholm 2016}) 16. dxc5 dxc5 17. a5 Rd8 18. Qe2 Nh5 19. Be3 Qg6 20. Ra4 Nf4 21. Bxf4 $1 Rxf4 22. Rd1 Rxd1+ 23. Qxd1 Rxe4 24. Qd3 Rg4 $1 {[%cal Rg4g2]} 25. Qxg6 Rxg6 26. Ne3 Rf6 27. Nd2 {[%mdl 1024] White has compensation.} Rf8 28. Ne4 Rd8 29. Kf1 Kf7 30. Ke2 Ke8 31. Nd2 h5 32. Nb3 g6 33. Re4 Kf7 34. Ra4 Kf6 35. Nc4 Kf7 36. Nb6 Bf8 37. Nd2 Be7 38. Ne4 Ke8 39. Ra3 Kf8 40. Ra1 Ke8 41. Nc4 Rd5 42. g3 Rd8 43. Nb6 Kf7 44. Ra3 Ke8 45. h4 Kf7 46. Nc4 Rd7 47. Rb3 Kf8 48. Ke3 Kg7 49. Kf3 Kf8 50. Ke3 Kg7 $1 51. Ng5 Kf6 52. Rb6 ({White should try} 52. Kf3 $16) 52... Kf5 $2 (52... Bd8 $1 $14) 53. Ne4 $18 g5 {[#]} 54. g4+ $1 {[%mdl 512]} hxg4 $16 (54... Kxg4 55. Rxc6) 55. h5 Nd8 56. Ncd6+ Bxd6 $1 57. Nxd6+ $14 {[%mdl 4096] Endgame KRN-KRN} Kf6 $1 58. Ne4+ {[%mdl 64] Double Attack} Kg7 $1 59. Nxc5 Rc7 $2 {Black is now going downhill.} ({Better is} 59... Re7 $1 $14) 60. Nxe6+ $18 Nxe6 61. Rxe6 {KR-KR} Rc5 62. Rg6+ $1 Kh7 63. Rxg5 Rxa5 64. Rxg4 b5 (64... Kh6 {was worth a try.} 65. Rg6+ Kxh5) 65. Rg6 b4 (65... Ra2 {was called for.} 66. b4 Ra4) 66. cxb4 Rb5 67. Rg4 $1 {[%cal Rg4h4]} Kh6 $2 (67... Rd5 68. Rc4 Rb5) 68. Kd3 Kxh5 69. f3 $1 Rb8 70. Kc4 $1 {[%cal Rc4d5]} Rc8+ {[#]} 71. Kb3 $1 Rf8 72. Ka4 Rxf3 73. Re4 Kg6 (73... Rf5 $18 74. Ka5 Kg6) 74. Rxe5 Kf6 75. Re8 ({Weaker is} 75. Ra5 Ke6 $16) 75... Kf7 76. Ra8 Ke7 {[#]} 77. Ka5 $1 {[%cal Ra5a6]} Rb3 78. Rb8 Kd7 79. Kxa6 Kc7 80. Rb7+ Kc8 81. b5 Rxb2 82. Rh7 Rb1 {White is clearly winning.} 83. Kb6 Rb2 84. Rh8+ Kd7 85. Rb8 Rb1 86. Ka7 {Accuracy: White = 93%, Black = 76%.} 1-0